Villes du département de l'Eure-et-Loir en images - Statistiques

Statistiques générales
  • Ce quiz a été pris 47 fois
  • Le résultat moyen est 5 sur 18
Statistiques - réponses
Par images Hint Réponse % Correct
C Chartres
100%
D Dreux
92%
C Châteaudun
79%
N Nogent-le-Rotrou
79%
C Courville-sur-Eure
24%
E Épernon
18%
I Illiers-Combray
18%
(L) L La Loupe
18%
T Thiron-Gardais
18%
A Auneau-Bleury-Saint-Symphorien
13%
B Brou
11%
(L) F La Ferté-Vidame
11%
V Vernouillet
11%
A Aunay-sous-Auneau
8%
S Senonches
8%
B
5%
L Luisant
5%
C Cloyes-les-Trois-Rivières
3%
Aucun quiz correspondant
Distribution des résultats
% des personnes avec chaque résultat
Percentile par nombre de réponses
Votre historique - résultats
Vous n’avez pas pris ce quiz